Česko-francouzský a francouzsko-český slovník na cesty

Gespeichert in:
Bibliographische Detailangaben
Format: Buch
Sprache:Tschechisch
Französisch
Veröffentlicht: Praha Státní pedagogické nakladatelství 1981
Schriftenreihe:Turistické slovníky
Tags: Tag hinzufügen
Keine Tags, Fügen Sie das erste Tag hinzu!

MARC

LEADER 00000nam a2200000 4500
001 c119179
005 20250519101421.9
041 0 |a cze 
041 0 |a fre 
044 |a CZ 
245 1 0 |a Česko-francouzský a francouzsko-český slovník na cesty  |c Věra Čapková 
264 1 |a Praha  |b Státní pedagogické nakladatelství  |c 1981 
300 |a 313, 121 s. 
490 1 |a Turistické slovníky 
830 0 |a Turistické slovníky